Галерея событий; Томский политехник; Вып. 15
| Parent link: | Томский политехник: ежегодный журнал/ Томский политехнический университет (ТПУ), Ассоциация выпускников.— , 1995- Вып. 15.— 2009.— [С. 76-79] |
|---|---|
| Résumé: | Заглавие с титульного листа Электронная версия печатной публикации |
| Langue: | russe |
| Publié: |
2009
|
| Collection: | ТПУ сегодня |
| Sujets: | |
| Accès en ligne: | Цветная версия без потери качества |
| Format: | Électronique Chapitre de livre |
| KOHA link: | https://koha.lib.tpu.ru/cgi-bin/koha/opac-detail.pl?biblionumber=200208 |
MARC
| LEADER | 00000nla2a2200000 4500 | ||
|---|---|---|---|
| 001 | 200208 | ||
| 005 | 20231031184619.0 | ||
| 035 | |a (RuTPU)RU\TPU\book\218269 | ||
| 035 | |a RU\TPU\book\218261 | ||
| 090 | |a 200208 | ||
| 100 | |a 20110902d2009 km y0rusy50 ca | ||
| 101 | 0 | |a rus | |
| 102 | |a RU | ||
| 135 | |a drnn ---uucaa | ||
| 181 | 0 | |a i | |
| 182 | 0 | |a b | |
| 200 | 1 | |a Галерея событий |b Электронный ресурс | |
| 203 | |a Текст |c электронный | ||
| 215 | |a 1 файл (16.2 Мб) | ||
| 225 | 1 | |a ТПУ сегодня | |
| 230 | |a Электронные текстовые данные (1 файл : 16.2 Мб) | ||
| 300 | |a Заглавие с титульного листа | ||
| 300 | |a Электронная версия печатной публикации | ||
| 337 | |a Adobe Reader | ||
| 461 | 1 | |0 (RuTPU)RU\TPU\book\202435 |t Томский политехник |o ежегодный журнал |f Томский политехнический университет (ТПУ), Ассоциация выпускников |d 1995- | |
| 463 | 1 | |0 (RuTPU)RU\TPU\book\218212 |t Вып. 15 |v [С. 76-79] |d 2009 |p 113 с. | |
| 601 | 0 | 2 | |a Национальный исследовательский Томский политехнический университет (ТПУ) |c (2009- ) |2 stltpush |3 (RuTPU)RU\TPU\col\15902 |
| 610 | 1 | |a события | |
| 610 | 1 | |a фотографии | |
| 610 | 1 | |a электронный ресурс | |
| 801 | 1 | |a RU |b 63413507 |c 20101101 | |
| 801 | 2 | |a RU |b 63413507 |c 20111123 |g RCR | |
| 856 | 4 | |u http://www.lib.tpu.ru/fulltext/v/Tomsk_polytechnic/2009/N15a12_full.pdf |z Цветная версия без потери качества | |
| 942 | |c CF | ||